[Event "Catalunya-chT"]
[Site "Spain"]
[Date "1993.??.??"]
[Round "4"]
[White "Sole Fabregat, Xavier"]
[Black "Segovia Sole, J."]
[Result "1-0"]
[WhiteElo "2225"]
[BlackElo "2305"]
[PlyCount "25"]
[EventDate "1993.??.??"]
[EventType "team"]
[EventRounds "9"]
[EventCountry "ESP"]
[SourceTitle "EXT 2019"]
[Source "ChessBase"]
[SourceDate "2018.10.10"]
[SourceVersion "1"]
[SourceVersionDate "2018.10.10"]
[SourceQuality "1"]

1. e4 e5 2. Nf3 Nc6 3. Bb5 f5 4. d3 fxe4 5. dxe4 Nf6 6. Nc3 Bc5 7. Bg5 0-0 8. Bxf6 Bxf2+ 9. Kxf2 Qxf6 10. Rf1 Nd4 11. Bc4+ Kh8 12. Kg1 Nxf3+ 13. Rxf3 1-0